00415 2200145 4500001002100000008004100021035002000062245003800082100002000120260003600140300002100176082001500197650004400212990001300256INLIS000000000000420 ind  a0010-0423000420 aJARTRA (BELAJAR SASTRA) INDONESIA aDRA. SUMARLIKAH aSURABAYAbFARHAS SURABAYAc2006 a176 hlm.c20 cm. a499.221 03 aBAHASA INDONESIA - ENSIKLOPEDIA / KAMUS a102599-1